00532pab a2200169 454500008004000000100001800040245007400058260000900132300001500141362000800156650001500164700001800179773002900197909001100226999001900237952010600256180718b2015 xxu||||| |||| 00| 0 eng d aMcCaig, Brain aInformal employment in a growing and globlization low- income country c2015 ap.545-550. aMay aEmployment aPavcnik, Nina aAmerican Economic Review a108236 c108231d108231 00104070aIIPAbIIPAd2018-07-19hVolume no: 105, Issue no: 5pAR108696r2018-07-19w2018-07-19yAR